Statistics for Capital of What #3

Click here to take the quiz!

General Stats

  • This quiz has been taken 824 times
  • The average score is 18 of 30

Answer Stats

HintAnswer% Correct
DublinIreland
97%
BucharestRomania
95%
IslamabadPakistan
92%
Kuala LumpurMalaysia
90%
WellingtonNew Zealand
90%
SofiaBulgaria
89%
MontevideoUruguay
88%
ZagrebCroatia
87%
RigaLatvia
87%
Port-au-PrinceHaiti
85%
Ulan BatorMongolia
83%
RabatMorocco
82%
DhakaBangladesh
80%
MuscatOman
79%
KhartoumSudan
77%
WindhoekNamibia
68%
Port of SpainTrinidad and Tobago
67%
Port MoresbyPapua New Guinea
64%
NuukGreenland, Denmark
59%
PierreSouth Dakota, USA
45%
SevilleAndalusia, Spain
37%
IqaluitNunavut, Canada
32%
HiloHawaii Island, Hawaii, USA
30%
GroznyChechnya, Russia
26%
HanoverLower Saxony, Germany
21%
TruroCornwall, England, UK
18%
ChengduSichuan, China
18%
SalonicaCentral Macedonia, Greece
12%
BenghaziCyrenaica, Libya
11%
TolucaMexico State, Mexico
7%

Score Distribution

Percentile by Number Answered

Percent of People with Each Score

Your Score History

You have not taken this quiz